Chương trình giáo dục phổ thông môn lịch sử Ban hành kèm theo Quyết định số 16/2006/QĐ-BGDĐT ngày 05 tháng 5 năm 2006 của Bộ trưởng Bộ Giáo dục và Đào tạo
Na minha lista:
| Autor Corporativo: | |
|---|---|
| Formato: | Livro |
| Idioma: | Vietnamese |
| Publicado em: |
Hà Nội
Giáo dục
2006
|
| Assuntos: | |
| Tags: |
Adicionar Tag
Sem tags, seja o primeiro a adicionar uma tag!
|
| Thư viện lưu trữ: | Trung tâm Học liệu Lê Vũ Hùng, Trường Đại học Đồng Tháp |
|---|
| LEADER | 00878pam a22002298a 4500 | ||
|---|---|---|---|
| 001 | 00040264 | ||
| 005 | 20190311140350.0 | ||
| 008 | 130926s2013 ||||||viesd | ||
| 020 | # | # | |c 0 |
| 041 | 0 | # | |a vie |
| 082 | 1 | 4 | |a 907 |b CH561TR |
| 110 | 1 | # | |a Bộ Giáo dục và đào tạo |
| 245 | 1 | 0 | |a Chương trình giáo dục phổ thông môn lịch sử |b Ban hành kèm theo Quyết định số 16/2006/QĐ-BGDĐT ngày 05 tháng 5 năm 2006 của Bộ trưởng Bộ Giáo dục và Đào tạo |
| 260 | # | # | |a Hà Nội |b Giáo dục |c 2006 |
| 300 | # | # | |a 120 tr. |c 21 cm. |
| 653 | # | # | |a Chương trình |
| 653 | # | # | |a Giáo dục |
| 653 | # | # | |a Lịch sử |
| 653 | # | # | |a Trung học phổ thông |
| 852 | # | # | |j KD.0022857 |
| 910 | # | # | |d 21/11/2017 |b chi |
| 980 | # | # | |a Trung tâm Học liệu Lê Vũ Hùng, Trường Đại học Đồng Tháp |